000
00405nam a2200145Ia 4500
008
100204s9999 xx 000 0 und d
082
_b
11439
100
_a
कर्निक हेमन
245
_a
अहिंसा
260
_b
"आशिष प्रकाशन, पुणे"
_c
1988
300
_a
146
630
_a
अहिंसा
730
_a
अहिंसा
942
_c
BOOK
999
_c
455875
_d
455872